Tiếp thị trong thế kỷ 21

Cung cấp những kiến thức mới nhất về hoạt động tiếp thị trong thế kỷ 21. Là cuốn giáo trình cho những người học về chuyên ngành quản lý kinh doanh.

保存先:
書誌詳細
第一著者: Mai, Thanh Hào
フォーマット: 図書
言語:Undetermined
出版事項: Tp. Hồ Chí Minh Trẻ 2002
主題:
タグ: タグ追加
タグなし, このレコードへの初めてのタグを付けませんか!
Thư viện lưu trữ: Trung tâm Học liệu Trường Đại học Cần Thơ
LEADER 00724nam a2200181Ia 4500
001 CTU_48163
008 210402s9999 xx 000 0 und d
082 |a 658.8 
082 |b H108 
100 |a Mai, Thanh Hào 
245 0 |a Tiếp thị trong thế kỷ 21 
245 0 |c Mai Thanh Hào, Lê Khánh Trường 
260 |a Tp. Hồ Chí Minh 
260 |b Trẻ 
260 |c 2002 
520 |a Cung cấp những kiến thức mới nhất về hoạt động tiếp thị trong thế kỷ 21. Là cuốn giáo trình cho những người học về chuyên ngành quản lý kinh doanh. 
650 |a Marketing 
980 |a Trung tâm Học liệu Trường Đại học Cần Thơ